Daily Capital City Riddle #53 - Statistics

General Stats
  • This quiz has been taken 59 times
  • The average score is 30 of 33
Answer Stats
Type Answer % Correct
Found Letter I
100%
Alphabet Letter R
100%
Found Letter A
98%
Alphabet Letter B
98%
Found Letter N
98%
Correctly Placed Letter A
96%
Alphabet Letter E
96%
Found Letter M
96%
Alphabet Letter S
96%
Alphabet Letter T
96%
Alphabet Letter D
94%
Alphabet Letter G
94%
Alphabet Letter U
94%
Alphabet Letter C
92%
Found Letter L
92%
Alphabet Letter O
92%
Alphabet Letter P
92%
Alphabet Letter H
90%
Alphabet Letter K
90%
Correctly Placed Letter M
90%
Alphabet Letter V
90%
Correctly Placed Letter A
88%
Alphabet Letter W
88%
Correctly Placed Letter I
86%
Correctly Placed Letter N
86%
Alphabet Letter Y
86%
Alphabet Letter J
84%
Alphabet Letter X
82%
Alphabet Letter Z
82%
Alphabet Letter Q
80%
Alphabet Letter F
78%
Correctly Placed Letter L
78%
Mystery Capital Manila
78%
No matching quizzes found
Score Distribution
Percent of People with Each Score
Percentile by Number Answered
Your Score History
You have not taken this quiz